00964nam a2200253 i 4500001001000000003000900010005001700019007000300036008004100039040003000080041000800110082001900118100004900137245008800186246006600274264007100340300005500411336002800466337003300494338003100527942001300558952012200571999001700693000036022DO-SdBNP20260203131306.0ta111123s1997 dr ac 000 0 spa d aDO-SdBNPbspacBNPHUerda aspa 4axxxbB641d2221 aBlanco, Dionisio,d1953-eautor9620644aut.10aDionisio Blanco (Dominican Republic) :brecent paintings, December 4 - December 18.14aDionisio Blanco :bsembradores sobre la memoria de la tierra. aSanto Domingo :bThe Embassy, Gallery of International Art,c1997. a[8 páginas] :bilustraciones, retratos ;c22 cm. atextobtxt2rdacontent  asin mediaciónbn2rdamedia avolumen bnc2rdacarrier  2ddccLF2 00102ddc51708PDaBNPHUbBNPHUcCTd2011-11-23l0oxxx B641dp36022-10r2020-06-25w2020-06-25yLBS1ZNo se presta c35513d35513